Tuổi trẻ đáng giá bao nhiêu?
Đã lưu trong:
| Tác giả chính: | |
|---|---|
| Định dạng: | Sách |
| Được phát hành: |
Hà Nội
Hội nhà văn
2017
|
| Những chủ đề: | |
| Các nhãn: |
Thêm thẻ
Không có thẻ, Là người đầu tiên thẻ bản ghi này!
|
| Thư viện lưu trữ: | Trung tâm Học liệu Lê Vũ Hùng, Trường Đại học Đồng Tháp |
|---|
| LEADER | 00746pam a22002418a 4500 | ||
|---|---|---|---|
| 001 | 00040960 | ||
| 005 | 20181227151239.0 | ||
| 008 | 110521s1998 ||||||Viesd | ||
| 020 | # | # | |a 9786045370193 |c 70000 |
| 041 | 0 | # | |a Vie |
| 082 | 1 | 4 | |a 158.1 |b T515TR |
| 100 | 1 | # | |a Nguyễn, Rosie |
| 245 | 0 | 0 | |a Tuổi trẻ đáng giá bao nhiêu? |c Rosie Nguyễn |
| 260 | # | # | |a Hà Nội |c 2017 |b Hội nhà văn |
| 300 | # | # | |a 285tr. |c 21 cm. |
| 653 | # | # | |a Cuộc sống |
| 653 | # | # | |a Giá trị |
| 653 | # | # | |a Kỹ năng sống |
| 653 | # | # | |a Tuổi trẻ |
| 653 | # | # | |a tâm lí học |
| 852 | # | # | |j KD.0023063 |j KM.0026518 |
| 910 | # | # | |d 01/02/2018 |
| 980 | # | # | |a Trung tâm Học liệu Lê Vũ Hùng, Trường Đại học Đồng Tháp |


